• 首页
  • 本馆介绍
  • 公告通知
  • 最新文献
  • 馆藏检索
  • 电子资源
  • 读者导购
  • 参考咨询
  • 我的图书馆
  • 登录
  • 详细信息显示
  • 放入我的书架
  • 预约/预借图书
  • 作者相关作品
  • 分类相关作品
  • 丛书相关作品
  • 出版社相关作品

书目信息

  • 表格格式
  • 工作单格式
  • 卡片格式
题名:
魔术技法入门与指导
    
 
作者: 本丛书编委会 编
分册:  
出版信息: 广州   广东世界图书出版公司  2009
页数: 10,179页
开本: 23cm
丛书名: 新世纪青少年艺术素质培养丛书
单 册:
中图分类: J828-49 , J828
科图分类:
主题词: 魔术--青年读物
电子资源:
ISBN: 978-7-5100-0686-9
000 00797nam0 2200241 450
001 2374938232
005 20231208204932.28
010    @a978-7-5100-0686-9@dCNY 38.00
100    @a20101216d2009 em y0chiy0120 ea
101 0  @achi
102    @aCN@b440000
105    @ay z 000yy
200 1  @a魔术技法入门与指导@Amo shu ji fa ru men yu zhi dao@b专著@f本丛书编委会编
210    @a广州@c广东世界图书出版公司@d2009
215    @a10,179页@c图@d23cm
225 1  @a新世纪青少年艺术素质培养丛书
330    @a本书共十章,内容包括:魔术概述、手彩魔术、即兴小魔术、绳结魔术、数学魔术、光学魔术、化学魔术等。
606 0  @a魔术@j青年读物
690    @aJ828-49@v5
690    @aJ828@v4
701  0 @a本丛书编委会@Aben cong shu bian wei hui@4编
801  2 @aCN@b辽宁北配@c20231205
905    @aZUCC@dJ828@e19
    
    魔术技法入门与指导/本丛书编委会编.-广州:广东世界图书出版公司,2009
    10,179页:图;23cm.-(新世纪青少年艺术素质培养丛书)
    
    
    ISBN 978-7-5100-0686-9:CNY 38.00
    本书共十章,内容包括:魔术概述、手彩魔术、即兴小魔术、绳结魔术、数学魔术、光学魔术、化学魔术等。
●
相关链接 在五车中查询图书 在当当中查询图书 在豆瓣中查询图书


正题名:魔术技法入门与指导     索取号:J828/19         预约/预借

序号 登录号 条形码 馆藏地/架位号 状态 备注
1 2001505306   2001505306   第四书库/四19架A面2层2列/ [索取号:J828/19] 在馆    
2 2001505307   2001505307   第四书库/四19架A面2层2列/ [索取号:J828/19] 在馆    
3 2001505308   2001505308   第四书库/四19架A面2层2列/ [索取号:J828/19] 在馆    
4 2001505309   2001505309   第四书库/四19架A面2层2列/ [索取号:J828/19] 在馆    
5 2001505310   2001505310   503书库/ [索取号:J828/19] 在馆    
6 2001505311   2001505311   503书库/ [索取号:J828/19] 在馆    
7 2001505312   2001505312   503书库/ [索取号:J828/19] 在馆    
8 2001505313   2001505313   503书库/ [索取号:J828/19] 在馆    
9 2001505314   2001505314   第四书库/四19架A面2层2列/ [索取号:J828/19] 在馆    
10 2001505315   2001505315   315书库/ [索取号:J828/19] 在馆    
11 2001505316   2001505316   315书库/ [索取号:J828/19] 在馆    
12 2001505317   2001505317   315书库/ [索取号:J828/19] 在馆    
13 2001505318   2001505318   315书库/ [索取号:J828/19] 在馆    
14 2001505319   2001505319   第四书库/四19架A面2层2列/ [索取号:J828/19] 在馆    
15 2001505320   2001505320   第四书库/四19架A面2层2列/ [索取号:J828/19] 在馆    
16 2001505321   2001505321   第四书库/四19架A面2层2列/ [索取号:J828/19] 在馆    
17 2001505322   2001505322   315书库/ [索取号:J828/19] 在馆    
18 2001505323   2001505323   315书库/ [索取号:J828/19] 在馆    
19 2001505324   2001505324   503书库/ [索取号:J828/19] 在馆    
20 2001505325   2001505325   503书库/ [索取号:J828/19] 在馆    
21 2001505326   2001505326   第四书库/四20架B面2层4列/ [索取号:J828/19] 在馆    
22 2001505327   2001505327   第四书库/四20架B面2层4列/ [索取号:J828/19] 在馆    
23 2001505328   2001505328   第四书库/四20架B面2层4列/ [索取号:J828/19] 在馆    
24 2001505329   2001505329   第四书库/四20架B面2层4列/ [索取号:J828/19] 在馆    
25 2001505330   2001505330   第四书库/四20架B面2层4列/ [索取号:J828/19] 在馆    
26 2001505331   2001505331   第四书库/四20架B面2层4列/ [索取号:J828/19] 在馆    
山东省滨州职业学院图书馆 欢迎您!
大连网信软件有限公司© 版权所有